[Event "SWVG Arnold Classic Prestige All 2019"]
[Site "Sandton"]
[Date "2019.05.18"]
[Round "2.7"]
[White "Molepo, Maropeng Quintallio"]
[Black "Zwakala, Ntando"]
[Result "0-1"]
[WhiteElo "1723"]
[BlackElo "2088"]
[Annotator "NA RC"]
[PlyCount "102"]
[EventDate "2019.05.18"]
[EventType "swiss"]
[EventCountry "RSA"]
[SourceTitle "playchess.com"]
[Source "ChessBase"]
[SourceQuality "1"]
[TimeControl "1500+10"]

1. e4 {[%emt 0:00:00]} c5 {[%emt 0:00:00]} 2. Nf3 {[%emt 0:00:00]} e6 {[%emt 0:00:00]} 3. d4 {[%emt 0:00:00]} cxd4 {[%emt 0:00:00]} 4. Nxd4 {[%emt 0:00:05]} a6 {[%emt 0:00:57]} 5. Bd3 {[%emt 0:00:11]} Nf6 {[%emt 0:00:05]} 6. c4 {[%emt 0:00:02]} Qc7 {[%emt 0:00:08]} 7. O-O {[%emt 0:00:07]} Be7 {[%emt 0:00:06]} 8. Nc3 {[%emt 0:00:02]} d6 {[%emt 0:00:03]} 9. Be3 {[%emt 0:00:16]} Nbd7 {[%emt 0:00:05]} 10. f4 {[%emt 0:00:47]} b6 {[%emt 0:00:25]} 11. Rc1 {[%emt 0:05:23]} Bb7 {[%emt 0:00:52]} 12. b4 {[%emt 0:01:16] B42: Sicilian: Kan Variation: 5 Bd3} Rc8 {[%emt 0:03:00]} (12... g6 13. Qf3 O-O 14. Qh3 Rfe8 15. Nxe6 fxe6 16. Qxe6+ Kg7 17. Bd4 Bf8 18. Qh3 Kg8 19. Nd5 Qd8 {½-½ (60) Jones,G (2660)-Hanley,C (2441) Llandudno 2017}) 13. Qe2 {[%emt 0:01:09]} Qb8 {[%emt 0:00:35]} (13... O-O $16 {might work better.}) 14. f5 {[%emt 0:01:30]} e5 {[%emt 0:01:21]} 15. Nf3 $146 {[%emt 0:01:29]} ({Predecessor:} 15. Nb3 Qa8 16. Nd5 Nxd5 17. exd5 Bf6 18. Be4 O-O 19. g4 h6 {½-½ (57) Triantos,K (2078)-Bardis,H (1866) Rio 2018}) 15... O-O {[%emt 0:02:03]} 16. Kh1 {[%emt 0:01:24]} b5 {[%emt 0:01:54]} 17. cxb5 {[%emt 0:02:58]} axb5 {[%emt 0:00:35]} 18. Bxb5 {[%emt 0:00:47]} Rc7 {[%emt 0:00:34]} 19. Bd3 $2 {[%emt 0:02:23]} ({White should play} 19. a4 $16) 19... Rfc8 {[%emt 0:00:22]} 20. Nb5 {[%emt 0:00:23]} Rxc1 {[%emt 0:00:18]} 21. Rxc1 {[%emt 0:00:03]} Rxc1+ {[%emt 0:00:07]} 22. Bxc1 {[%emt 0:00:09]} d5 {[%emt 0:00:36]} (22... Bxe4 $17 23. Bxe4 Nxe4) 23. exd5 {[%emt 0:02:20]} Bxd5 {[%emt 0:00:24]} 24. Nc3 {[%emt 0:01:03]} Ba8 {[%emt 0:00:19]} (24... Bxf3 $11 {remains equal.} 25. gxf3 Qxb4) 25. a3 $1 {[%emt 0:00:07]} h6 {[%emt 0:00:41]} 26. h3 {[%emt 0:00:05]} (26. Nd2 $16) 26... Nh5 {[%emt 0:00:24]} 27. Qe1 {[%emt 0:01:40]} e4 {[%emt 0:05:26]} (27... Ndf6 $11 28. Nxe5 (28. Qxe5 Bd6 $11) 28... Bd6) 28. Bxe4 {[%emt 0:01:04]} Ng3+ {[%emt 0:00:54]} 29. Kg1 {[%emt 0:00:01]} Bxe4 {[%emt 0:00:19]} 30. Nxe4 {[%emt 0:00:01]} Nxf5 {[%emt 0:00:20]} 31. Bb2 {[%emt 0:00:34]} Bf8 {[%emt 0:00:11]} 32. Qd2 {[%emt 0:00:03]} Nb6 {[%emt 0:00:22]} 33. Nd4 {[%emt 0:00:04]} Nc4 {[%emt 0:00:23]} 34. Qc3 {[%emt 0:00:09]} Nfe3 {[%emt 0:00:54]} 35. Bc1 {[%emt 0:00:07]} Qf4 {[%emt 0:00:48]} 36. Bxe3 {[%emt 0:00:15]} Nxe3 {[%emt 0:00:17]} 37. Qd3 {[%emt 0:00:36]} f5 {[%emt 0:00:28] [#]} 38. Nd2 $1 {[%emt 0:00:10]} Qg3 {[%emt 0:00:40]} 39. Qe2 {[%emt 0:00:18]} f4 {[%emt 0:00:20] [#]} 40. N2f3 {[%emt 0:00:03]} (40. Nc4 $1 $18 {is the precise move to win.}) 40... Qg6 {[%emt 0:00:13]} 41. Ne5 {[%emt 0:00:18]} Qb1+ {[%emt 0:00:22]} 42. Kh2 $19 {[%emt 0:00:01]} (42. Kf2 $11) 42... Nf1+ {[%emt 0:00:07]} 43. Kg1 {[%emt 0:00:11]} Ng3+ {[%emt 0:00:03]} 44. Kf2 {[%emt 0:00:01]} Nxe2 {[%emt 0:00:05]} 45. Nxe2 {[%emt 0:00:07]} Qe4 {[%emt 0:00:23]} 46. Nf3 {[%emt 0:01:04]} g5 {[%emt 0:00:14]} 47. Nfd4 {[%emt 0:00:52]} Qe3+ {[%emt 0:00:03]} 48. Kf1 {[%emt 0:00:02]} Qxa3 {[%emt 0:00:04]} 49. b5 {[%emt 0:00:01]} Bc5 {[%emt 0:00:06]} 50. h4 {[%emt 0:00:32]} Bxd4 {[%emt 0:00:05]} 51. Nxd4 {[%emt 0:00:04]} Qa1+ {[%emt 0:00:03]} 0-1

[Event "SWVG Arnold Classic Prestige All 2019"]
[Site "Sandton"]
[Date "2019.05.18"]
[Round "2.8"]
[White "Mthunzi, Brighton"]
[Black "Fourie, Brandon"]
[Result "1-0"]
[WhiteElo "2006"]
[BlackElo "1566"]
[Annotator "NA RC"]
[PlyCount "84"]
[EventDate "2019.05.18"]
[EventType "swiss"]
[EventCountry "RSA"]
[SourceTitle "playchess.com"]
[Source "ChessBase"]
[SourceQuality "1"]
[TimeControl "1500+10"]

1. e4 {[%emt 0:00:00]} c5 {[%emt 0:00:00]} 2. Nc3 {[%emt 0:00:00]} d6 {[%emt 0:00:12]} 3. f4 {[%emt 0:00:01]} Nc6 {[%emt 0:00:13]} 4. Bb5 {[%emt 0:00:10]} g6 {[%emt 0:00:29]} (4... Bd7 5. Nf3 e6 6. O-O Be7 7. d4 cxd4 8. Nxd4 Nf6 9. Bxc6 Bxc6 10. Qd3 O-O 11. Kh1 Rc8 12. Bd2 Qb6 13. a4 Rfd8 14. Be3 Qa5 {½-½ (34) Predke,A (2595)-Demchenko,A (2672) Batumi 2018}) 5. Bxc6+ bxc6 {[%emt 0:00:02]} 6. Nf3 {[%emt 0:00:07] B23: Closed Sicilian: Lines without g3} Ba6 {[%emt 0:25:04]} 7. d3 {[%emt 0:00:05]} Bg7 {[%emt 0:00:00]} 8. O-O {[%emt 0:00:07]} e6 {[%emt 0:00:00]} 9. Qe1 {[%emt 0:01:10]} Ne7 {[%emt 0:00:00]} 10. Qh4 {[%emt 0:02:12]} Qb6 $146 {[%emt 0:00:00]} ({Predecessor:} 10... d5 11. Re1 c4 12. f5 gxf5 13. Qh5 fxe4 14. dxe4 d4 15. Na4 Ng6 16. Nc5 Bc8 17. e5 {0-1 (44) Egeland,F (1932)-Edvardsen,R (2039) Oslo 2013}) 11. Kh1 {[%emt 0:01:04]} h6 {[%emt 0:00:00]} 12. Qf2 {[%emt 0:05:41]} Rb8 {[%emt 0:00:00] [#]} (12... c4 $14) 13. e5 $1 {[%emt 0:00:50]} Nd5 {[%emt 0:00:00]} 14. Ne4 {[%emt 0:00:13]} dxe5 {[%emt 0:00:00]} 15. Nd6+ {[%emt 0:00:12]} Ke7 {[%emt 0:00:00]} 16. fxe5 {[%emt 0:00:19]} Rhf8 {[%emt 0:00:00]} 17. a3 {[%emt 0:03:40]} c4 {[%emt 0:00:00]} 18. dxc4 {[%emt 0:03:48]} (18. Qh4+ $142 Kd7 19. dxc4) 18... Qxf2 {[%emt 0:00:00]} 19. Rxf2 {[%emt 0:00:03]} Nb6 {[%emt 0:00:00]} 20. Be3 {[%emt 0:00:52]} Nxc4 $2 {[%emt 0:00:00]} (20... Nd7 21. Bd4 (21. Bxa7 Rxb2 22. Bd4 Rbb8 $16) 21... c5) 21. Nxc4 {[%emt 0:00:05]} Bxc4 {[%emt 0:00:00]} 22. Bc5+ {[%emt 0:00:02]} Kd7 {[%emt 0:00:00]} 23. Rd1+ {[%emt 0:01:08]} Kc7 {[%emt 0:00:00]} 24. Bd6+ {[%emt 0:00:31]} Kb7 {[%emt 0:00:00]} 25. Bxb8 {[%emt 0:00:53]} Kxb8 {[%emt 0:00:00]} 26. Rd7 {[%emt 0:00:11]} Bd5 {[%emt 0:00:14]} 27. Nd2 {[%emt 0:00:11]} c5 {[%emt 0:00:44]} 28. Rfxf7 {[%emt 0:01:18]} Rxf7 {[%emt 0:00:13]} 29. Rxf7 {[%emt 0:00:02]} Bxe5 {[%emt 0:00:03]} 30. c4 {[%emt 0:00:42]} Bb7 {[%emt 0:00:11]} 31. b3 {[%emt 0:00:08]} Bc3 {[%emt 0:00:44]} 32. Nf3 {[%emt 0:00:25]} e5 {[%emt 0:00:07]} 33. Re7 {[%emt 0:00:20]} e4 $18 {[%emt 0:00:11]} 34. Ne5 {[%emt 0:00:12]} e3 {[%emt 0:00:34]} 35. Nd7+ {[%emt 0:00:17]} Kc8 {[%emt 0:00:11]} 36. Rxe3 {[%emt 0:02:01]} Bd4 {[%emt 0:00:10]} 37. Re7 {[%emt 0:00:02]} Kd8 {[%emt 0:00:02]} 38. Rh7 {[%emt 0:00:01]} Be4 {[%emt 0:00:12]} 39. Nf8 {[%emt 0:00:15]} Bf5 {[%emt 0:00:14]} 40. Rxa7 {[%emt 0:00:15]} Ke8 {[%emt 0:00:01]} 41. Nh7 {[%emt 0:00:44]} g5 {[%emt 0:00:09]} 42. a4 {[%emt 0:01:43]} Bc8 {[%emt 0:02:00]} 1-0

[Event "SWVG Arnold Classic Prestige All 2019"]
[Site "Sandton"]
[Date "2019.05.18"]
[Round "2.9"]
[White "Cawdery, Daniel"]
[Black "Levy, Darren"]
[Result "1-0"]
[WhiteElo "2428"]
[BlackElo "1836"]
[Annotator "TA"]
[PlyCount "75"]
[EventDate "2019.05.18"]
[EventType "swiss"]
[EventCountry "RSA"]
[SourceTitle "playchess.com"]
[Source "ChessBase"]
[SourceQuality "1"]

{[%evp 20,75,0,-9,0,0,13,8,15,26,74,76,92,89,97,80,101,100,100,98,107,95,157,166,153,147,218,122,262,130,133,92,75,93,114,62,121,108,421,427,414,260,351,336,407,404,434,427,553,555,816,839,711,663,930,920,1154,1143]} 1. e4 e5 2. Nf3 Nc6 3. d4 exd4 4. Bc4 Nf6 5. e5 d5 6. Bb5 Ne4 7. Nxd4 Bd7 8. Bxc6 bxc6 9. O-O Bc5 10. f3 Ng5 11. f4 Ne6 {C56: Two Knights: 4 d4 exd4 5 0-0 Nxe4} (11... Ne4 12. Be3 Qe7 13. Nd2 Nxd2 14. Qxd2 Bb6 15. Rae1 c5 16. Nf3 d4 17. Bf2 Bb5 18. f5 Bxf1 19. Kxf1 Qd7 20. Qg5 {0-1 (56) Kosteniuk,A (2557)-Muzychuk,M (2544) Huaian 2017}) 12. c3 Qh4 13. Be3 O-O {The position is equal.} 14. Nd2 {[%cal Bb1d2,Bd2f3,Bf3h4][%mdl 32]} Nxd4 15. cxd4 Bb6 $146 ({Predecessor:} 15... Be7 16. f5 Bg5 17. Qf3 Bxf5 {0-1 (43) Berger,G-Litkiewicz,K DDR 1972}) 16. Nf3 $36 {[%mdl 2048] White has strong initiative.} Qg4 17. Qd2 Rae8 18. a4 {Threatens to win with h3.} a5 19. h3 Qg6 20. Kh2 h5 (20... Qh5 $142) 21. Nh4 $16 Qe4 22. Rae1 Bf5 {[#]} (22... f6 $16 23. Bg1 Qh7) 23. Qd1 (23. Qf2 $1 $18) 23... Bg6 (23... Bh7 $16) 24. Bg1 (24. Nxg6 $18 {and the rest is easy.} Qxg6 25. f5) 24... Qc2 25. f5 Qxd1 26. Rxd1 Bh7 27. g4 (27. Rc1 $16) 27... hxg4 ({Black should play} 27... Ba7 $1 $14) 28. hxg4 g5 $2 {[%mdl 8192]} (28... Ba7 $16 {is tougher.}) 29. Nf3 $18 f6 30. e6 Kg7 31. Rc1 Rh8 {White must now prevent ...Bxf5+.} 32. Kg2 Re7 33. Rxc6 {White is clearly winning.} Kf8 34. Bh2 Ke8 35. Rfc1 Kd8 {[#]} 36. Bd6 $1 {[%mdl 512]} Rg7 (36... cxd6 37. Rc8#) 37. e7+ Ke8 {[#]} 38. Bxc7 {Played: Rc6xb6} 1-0

[Event "SWVG Arnold Classic Prestige All 2019"]
[Site "Sandton"]
[Date "2019.05.18"]
[Round "2.10"]
[White "Bhawoodien, Shabir Hussain"]
[Black "Bucceri, Draven"]
[Result "1-0"]
[WhiteElo "2020"]
[BlackElo "1633"]
[Annotator "NA RC"]
[PlyCount "79"]
[EventDate "2019.05.18"]
[EventType "swiss"]
[EventCountry "RSA"]
[SourceTitle "playchess.com"]
[Source "ChessBase"]
[SourceQuality "1"]
[TimeControl "1500+10"]

1. e4 {[%emt 0:00:00]} e6 {[%emt 0:00:00]} 2. Nf3 {[%emt 0:00:00]} d5 {[%emt 0:00:00]} 3. Nc3 {[%emt 0:00:00]} Nf6 {[%emt 0:00:16]} 4. e5 {[%emt 0:00:00]} Nfd7 {[%emt 0:00:02]} 5. d4 {[%emt 0:00:00]} c5 {[%emt 0:00:29]} 6. dxc5 {[%emt 0:00:48]} Nc6 {[%emt 0:00:12]} 7. Bf4 {[%emt 0:00:04]} Bxc5 {[%emt 0:00:22]} 8. Bd3 {[%emt 0:00:08]} f6 {[%emt 0:03:21]} 9. exf6 {[%emt 0:01:44]} Nxf6 {[%emt 0:00:26]} 10. O-O {[%emt 0:00:12]} O-O {[%emt 0:00:10]} 11. Qe2 {[%emt 0:02:58]} Bd6 {[%emt 0:02:53] C11: French: Classical System: 4 e5 and 4 Bg5 dxe4} (11... Nh5 $11 12. Be3 (12. Bg5 Qc7 13. Nb5 Qf7 14. Ne5 Nf4 15. Bxf4 Qxf4 16. Qh5 Qxe5 17. Bxh7+ Kh8 18. Bf5+ Kg8 19. Bh7+ Kh8 20. Bf5+ Kg8 21. Bh7+ Kh8 22. Bf5+ {½-½ (22) Kozionov,K (2387)-Rozum,I (2544) Voronezh 2014}) 12... Nf4) 12. Bg3 {[%emt 0:04:26]} (12. Bxd6 $14 Qxd6 13. Nb5) 12... Bxg3 {[%emt 0:01:24]} 13. hxg3 {[%emt 0:00:10]} Qe8 {[%emt 0:02:04]} 14. Ne5 {[%emt 0:03:03]} Nxe5 {[%emt 0:02:53]} 15. Qxe5 {[%emt 0:00:03]} Ng4 $146 {[%emt 0:00:18]} ({Predecessor:} 15... h6 16. Be2 Bd7 17. Rfe1 Qg6 18. Bd3 Qf7 19. f3 {½-½ (40) Borin,F (2203)-Ranieri,F (2213) Novara 2004}) 16. Qg5 {[%emt 0:01:08]} Nf6 {[%emt 0:03:09]} 17. Rae1 {[%emt 0:01:36]} h6 {[%emt 0:01:01]} 18. Qh4 {[%emt 0:02:58]} Bd7 {[%emt 0:04:14]} 19. Re5 {[%emt 0:00:25]} Qf7 {[%emt 0:00:44]} 20. Rfe1 {[%emt 0:00:26]} Rae8 {[%emt 0:02:10]} 21. g4 {[%emt 0:04:35]} Nh7 {[%emt 0:01:54] [#]} 22. Bxh7+ $16 {[%emt 0:02:45]} (22. g5 $1 $18 {[%mdl 512] is the precise move to win.}) 22... Kxh7 {[%emt 0:00:05]} 23. Ne2 {[%emt 0:00:07]} Qf6 {[%emt 0:00:15]} 24. Qg3 {[%emt 0:00:05]} Rf7 {[%emt 0:00:19]} 25. Nd4 {[%emt 0:00:01]} Rfe7 {[%emt 0:00:15]} 26. c3 {[%emt 0:00:01]} a6 {[%emt 0:00:08]} 27. R1e3 {[%emt 0:00:10]} g5 {[%emt 0:00:08]} 28. f3 {[%emt 0:00:30]} Rf7 {[%emt 0:00:09]} 29. Qe1 {[%emt 0:00:02]} Rfe7 {[%emt 0:00:12]} 30. Nf5 {[%emt 0:01:35]} Rg7 {[%emt 0:00:15]} 31. Nxg7 {[%emt 0:00:00]} Kxg7 {[%emt 0:00:01]} 32. Qd2 {[%emt 0:00:00]} Rh8 {[%emt 0:00:08]} 33. Qd4 {[%emt 0:00:00]} Kf7 {[%emt 0:00:13]} 34. Qb6 {[%emt 0:00:00]} Bc8 {[%emt 0:00:10]} 35. Qc7+ {[%emt 0:00:00]} Kg6 {[%emt 0:00:10]} 36. Qc5 {[%emt 0:00:00]} Kf7 {[%emt 0:00:13]} 37. c4 {[%emt 0:00:00]} dxc4 {[%emt 0:00:13]} 38. Qxc4 {[%emt 0:00:00]} Rd8 {[%emt 0:00:04]} 39. Re1 {[%emt 0:00:00]} Rd6 {[%emt 0:00:19]} 40. Qxc8 {[%emt 0:00:00]} 1-0

[Event "SWVG Arnold Classic Prestige All 2019"]
[Site "Sandton"]
[Date "2019.05.18"]
[Round "2.11"]
[White "Tapera, Uzeni"]
[Black "Mwale, Joseph"]
[Result "0-1"]
[WhiteElo "1748"]
[BlackElo "2274"]
[Annotator "NA RC"]
[PlyCount "56"]
[EventDate "2019.05.18"]
[EventType "swiss"]
[EventCountry "RSA"]
[SourceTitle "playchess.com"]
[Source "ChessBase"]
[SourceQuality "1"]
[TimeControl "1500+10"]

1. e4 {[%emt 0:00:00]} e5 {[%emt 0:01:37]} 2. Nf3 {[%emt 0:00:01]} Nf6 {[%emt 0:00:11]} 3. Nxe5 {[%emt 0:00:14]} d6 {[%emt 0:00:01]} 4. Nf3 {[%emt 0:00:02]} Nxe4 {[%emt 0:00:02]} 5. d4 {[%emt 0:00:02]} d5 {[%emt 0:00:11]} 6. Bd3 {[%emt 0:00:03]} Bd6 {[%emt 0:01:01]} 7. O-O {[%emt 0:00:03]} O-O {[%emt 0:00:01]} 8. c4 {[%emt 0:00:01]} c6 {[%emt 0:00:04]} 9. Qc2 {[%emt 0:00:24]} Re8 {[%emt 0:00:48]} 10. Nc3 {[%emt 0:00:03]} Bf5 {[%emt 0:00:27]} 11. Re1 {[%emt 0:00:21]} Bb4 {[%emt 0:00:40] C42: Petroff Defence: 3 Nxe5 and unusual White 3rd moves} 12. cxd5 {[%emt 0:00:41]} (12. Bg5 Qa5 13. Nxe4 dxe4 14. Bxe4 Bxe1 15. Bxf5 g6 16. Be4 Bb4 17. c5 Nd7 18. a3 Bxc5 19. dxc5 Qxc5 {1-0 (38) Grischuk,A (2701)-Rozentalis,E (2586) Istanbul 2003}) 12... cxd5 {[%emt 0:01:33]} 13. a3 {[%emt 0:00:02]} Bxc3 {[%emt 0:00:23]} 14. bxc3 {[%emt 0:00:02]} Nc6 {[%emt 0:01:36]} 15. Bf4 {[%emt 0:02:17]} Rc8 {[%emt 0:00:27]} 16. c4 $146 {[%emt 0:00:52]} ({Predecessor:} 16. Ng5 Nxd4 17. Qa4 {1-0 (75) Bruder,P-Loedl,D Graz 2010}) 16... Bg4 {[%emt 0:06:42]} 17. Be3 {[%emt 0:00:28]} (17. cxd5 $11 {remains equal.} Nb4 18. Qxc8 Bxc8 19. axb4) 17... Qf6 {[%emt 0:02:15]} (17... Bxf3 $17 18. gxf3 Ng5) 18. Ne5 {[%emt 0:00:32]} Nxe5 {[%emt 0:02:13]} 19. dxe5 {[%emt 0:00:03]} Qg6 {[%emt 0:00:02]} 20. Bf4 {[%emt 0:01:12]} Bf5 {[%emt 0:01:01]} 21. f3 {[%emt 0:00:17]} ({White should try} 21. Qb1 $11) 21... Ng3 $1 {[%emt 0:00:20]} 22. Bxf5 {[%emt 0:00:48]} ({White should play} 22. hxg3 $15 Bxd3 23. Qb3 dxc4 24. Qxb7) 22... Nxf5 {[%emt 0:00:02]} 23. c5 {[%emt 0:01:26]} b6 {[%emt 0:00:18]} 24. Qa4 {[%emt 0:00:21]} bxc5 {[%emt 0:00:16]} 25. Qxa7 $2 {[%emt 0:00:01]} (25. Rad1 {was worth a try.}) 25... Nd4 {[%emt 0:00:10]} 26. Bg3 {[%emt 0:00:07]} Nc2 $19 {[%emt 0:00:04] Double Attack} 27. Qd7 {[%emt 0:00:18]} Nxa1 {[%emt 0:00:38]} 28. Rxa1 {[%emt 0:00:03]} d4 {[%emt 0:00:05]} 0-1

[Event "SWVG Arnold Classic Prestige All 2019"]
[Site "Sandton"]
[Date "2019.05.18"]
[Round "2.12"]
[White "Jooste, Marko"]
[Black "Khumalo, Keith"]
[Result "0-1"]
[WhiteElo "1661"]
[BlackElo "2086"]
[Annotator "NA RC"]
[PlyCount "70"]
[EventDate "2019.05.18"]
[EventType "swiss"]
[EventCountry "RSA"]
[SourceTitle "playchess.com"]
[Source "ChessBase"]
[SourceQuality "1"]
[TimeControl "1500+10"]

1. d4 {[%emt 0:25:10]} Nf6 {[%emt 0:25:10]} 2. e3 {[%emt 0:00:10]} g6 {[%emt 0:00:10]} 3. f4 {[%emt 0:00:10]} Bg7 {[%emt 0:00:10]} 4. Nf3 {[%emt 0:00:10]} O-O 5. Bd3 d6 {[%emt 0:00:20]} 6. e4 {[%emt 0:00:20] A45: Trompowsky Attack} c5 {[%emt 0:00:10]} 7. O-O $146 {[%emt 0:00:10]} ({Predecessor:} 7. dxc5 Qa5+ 8. c3 Qxc5 9. Qe2 Nbd7 10. Be3 Qc7 11. O-O Nc5 12. Bd4 Nh5 13. Bxg7 Nxf4 {0-1 (29) Coelho,J (1826)-Supi,L (2561) Catanduva 2018}) 7... cxd4 8. Qe1 {[%emt 0:00:10]} Nc6 {[%emt 0:00:20]} 9. Qh4 {[%emt 0:00:10]} Qa5 {[%emt 0:00:10]} 10. f5 {[%emt 0:00:10]} Ne5 {[%emt 0:00:10]} 11. Nxd4 {[%emt 0:00:10]} Qb6 {[%emt 0:00:10]} 12. c3 {[%emt 0:00:10]} Nxd3 {[%emt 0:00:10]} 13. Bh6 {[%emt 0:00:10]} Qxb2 {[%emt 0:00:10]} 14. Nd2 {[%emt 0:00:10]} Qxc3 {[%emt 0:00:10]} 15. N2f3 {[%emt 0:00:10]} Ne5 {[%emt 0:00:10]} 16. Rac1 {[%emt 0:00:10]} Qd3 {[%emt 0:00:10]} 17. Rce1 {[%emt 0:00:10]} Nxf3+ {[%emt 0:00:10]} 18. Nxf3 {[%emt 0:00:10]} b6 {[%emt 0:00:10]} 19. Ng5 {[%emt 0:00:10]} Qd4+ {[%emt 0:00:10]} 20. Kh1 {[%emt 0:00:10]} Ba6 {[%emt 0:00:10]} 21. Rf3 {[%emt 0:00:10]} Nh5 {[%emt 0:00:10]} 22. Bxg7 {[%emt 0:00:10]} Qxg7 {[%emt 0:00:10]} 23. g4 {[%emt 0:00:10]} Nf6 {[%emt 0:00:10]} 24. Rh3 {[%emt 0:00:10]} Bb7 {[%emt 0:00:10]} 25. Kg1 {[%emt 0:00:10]} h6 {[%emt 0:00:10]} 26. Nf3 {[%emt 0:00:10]} g5 {[%emt 0:00:10]} 27. Qf2 {[%emt 0:00:10]} Nxg4 {[%emt 0:00:10]} 28. Qg2 {[%emt 0:00:10]} Ne5 {[%emt 0:00:10]} 29. Nd4 {[%emt 0:00:10]} Rac8 {[%emt 0:00:10]} 30. Rg3 {[%emt 0:00:10]} Rc4 {[%emt 0:00:10]} 31. Nb3 $19 {[%emt 0:00:10]} Rfc8 {[%emt 0:00:10]} 32. h4 {[%emt 0:00:10]} Rc2 {[%emt 0:00:10]} 33. Qh3 {[%emt 0:00:10]} g4 {[%emt 0:00:10]} 34. Qf1 {[%emt 0:00:10]} Nf3+ {[%emt 0:00:10]} 35. Kh1 {[%emt 0:00:10]} Rh2# {[%emt 0:00:10]} 0-1

[Event "SWVG Arnold Classic Prestige All 2019"]
[Site "Sandton"]
[Date "2019.05.18"]
[Round "3.1"]
[White "Grover, Sahaj"]
[Black "Simutowe, Musatwe"]
[Result "1-0"]
[WhiteElo "2515"]
[BlackElo "2170"]
[Annotator "TA"]
[PlyCount "77"]
[EventDate "2019.05.18"]
[EventType "swiss"]
[EventCountry "RSA"]
[SourceTitle "playchess.com"]
[Source "ChessBase"]
[SourceQuality "1"]

{[%evp 10,77,22,4,38,31,42,33,37,42,42,34,22,25,52,41,60,47,87,50,79,9,42,50,49,-5,47,51,60,0,-6,0,62,55,60,63,63,6,46,6,66,66,77,69,72,45,45,58,56,57,72,48,96,68,109,108,111,109,129,129,156,145,242,241,269,272,657,662,631,624]} 1. e4 c6 2. d4 d5 3. exd5 cxd5 4. Bd3 Nc6 5. c3 Qc7 6. Ne2 g6 {B13: Caro-Kann: Exchange Variation and Panov-Botvinnik Attack} (6... Bg4 7. O-O Nf6 8. Qe1 Qc8 9. Ng3 h5 10. f3 Bd7 11. Bf4 h4 12. Ne2 Bf5 13. Bxf5 Qxf5 14. h3 e6 {½-½ (26) Kamsky,G (2666)-Vitiugov,N (2709) Germany 2019}) 7. Bf4 Qd8 8. O-O Nf6 {White is slightly better.} 9. Nd2 Bg7 10. Qc2 $146 ({Predecessor:} 10. Nf3 Nh5 11. Bg5 f6 12. Bh4 Bg4 13. Ne1 {0-1 (84) Haussernot,C (2196)-Stefanova,A (2486) St Petersburg 2018}) 10... O-O 11. h3 Be6 12. Nf3 Rc8 13. Qd2 Nh5 14. Bh2 Qd7 15. Ng5 (15. Qe3 $16) 15... Bf5 (15... Bh6 $5 {[%cal Rf7f6]}) 16. Bxf5 gxf5 17. Nf4 (17. Nf3 $14) 17... Nf6 (17... Nxf4 $11 18. Bxf4 f6) 18. Qe2 $14 Ne4 19. Qh5 ({White should try} 19. Nf3 $14) 19... Nxg5 $1 $11 20. Qxg5 {[#] White wants to mate with Nh5.} Kh8 (20... f6 $11 21. Qh4 e5) 21. Rae1 e6 22. g4 $36 {[%mdl 2048] White is pushing.} Rg8 23. Qh4 (23. Qh5 $1 $14) 23... fxg4 24. hxg4 (24. Rxe6 $5 Bf8 25. Re3 $11) 24... Qd8 ({Better is} 24... e5 $11 25. dxe5 Nxe5) 25. Qh5 $14 {And now Rxe6! would win.} Qf6 26. Re3 Bf8 27. Nd3 {Threatens to win with Be5.} (27. Rh3 {is more complex.} Rg7 28. f3 Bd6 29. Qh6 Qxh6 30. Rxh6 b5 31. Kf2) 27... Qg6 28. Qxg6 Rxg6 29. f3 Kg8 30. Kf2 Be7 31. Bg3 Rh6 32. Bf4 Rg6 33. Rh1 Rf8 34. Rh5 Bf6 35. Re1 Kg7 (35... Bg7 $16 36. Reh1 h6 37. Bxh6 Bxh6) 36. Be3 $18 Rh8 37. Nf4 Rg5 $2 {[#]} (37... Re8 38. Reh1 Kf8 39. Nxg6+ hxg6) 38. Nxe6+ $1 {[%mdl 512]} fxe6 39. Bxg5 {[%mdl 64] Discovered Attack. Accuracy: White = 54%, Black = 27%.} 1-0

[Event "SWVG Arnold Classic Prestige All 2019"]
[Site "Sandton"]
[Date "2019.05.18"]
[Round "3.2"]
[White "Makoto, Rodwell"]
[Black "Mthunzi, Brighton"]
[Result "1-0"]
[WhiteElo "2369"]
[BlackElo "2006"]
[Annotator "TA"]
[PlyCount "65"]
[EventDate "2019.05.18"]
[EventType "swiss"]
[EventCountry "RSA"]
[SourceTitle "playchess.com"]
[Source "ChessBase"]
[SourceQuality "1"]

{[%evp 20,65,43,28,93,33,89,60,94,72,66,60,54,41,59,72,58,41,115,106,150,125,147,130,270,283,275,275,283,279,645,608,620,620,742,739,881,889,1072,1037,1360,1274,1235,1178,1260,1264,1456,1433]} 1. Nf3 e6 2. c4 d5 3. g3 Nf6 4. Bg2 Be7 5. O-O O-O 6. d4 Nbd7 7. Qc2 c6 8. Nbd2 Re8 9. e4 Nxe4 10. Nxe4 dxe4 11. Qxe4 Bf6 {E09: Closed Catalan: Main Line: 7 Qc2 c6 8 Nbd2} (11... e5 $11) (11... Nf6 12. Qc2 Rb8 13. Rd1 Qb6 14. Bf4 Ra8 15. Ne5 Nd7 16. c5 Qd8 17. Nc4 Nf6 18. a3 Nd5 19. Be5 b6 20. Bd6 {1-0 (69) Delchev,A (2552)-Uruci,B (2137) Skopje 2018}) 12. Be3 (12. Re1 $16) 12... Qa5 $146 ({Black should try} 12... e5 $14 13. d5 cxd5 14. cxd5 Be7) ({Predecessor:} 12... g6 13. Rfd1 Bg7 14. Qc2 Qa5 15. Nd2 Nf6 16. Nf3 Ng4 17. Bc1 e5 18. Bd2 Qc7 19. h3 {0-1 (36) Szusterowski,R (2069)-Bienias,P Karpacz 2010}) 13. a3 Qh5 {White is slightly better.} 14. h3 (14. g4 {looks sharper.} Qg6 15. Qxg6 hxg6 16. g5 Bd8 17. Ne5) 14... Qf5 15. Qxf5 exf5 16. Rac1 Nf8 {[%cal Bd7f8,Bf8g6,Bg6e7,Be7f5][%mdl 32]} 17. Rfd1 Ng6 18. b4 f4 (18... Bd7 $14) 19. gxf4 $16 Ne7 20. a4 Nf5 21. Ne5 Bd8 (21... a6 $16 {might work better.} 22. d5 cxd5) 22. d5 $18 f6 23. dxc6 fxe5 24. cxb7 Rb8 $2 {[#]} (24... Bxb7 25. Bxb7 Nxe3) 25. bxc8=Q {White is clearly winning.} Rxc8 26. Bxa7 exf4 27. b5 Be7 28. c5 Nh4 29. Bd5+ Kh8 30. c6 Ba3 31. Rc3 Bb4 32. Rc4 Bd6 33. b6 {Accuracy: White = 57%, Black = 20%.} 1-0